000 00352nam a22001217a 4500
999 _c10286
_d10286
003 OSt
008 201218b ||||| |||| 00| 0 eng d
245 _aHarvard Business Review
250 _a2018(Jul-Aug, Sep-Oct, Nov-Dec)
260 _aNewcastle Gatehead, U.K.
_bHarvard Business School Publication Pvt. Ltd.
650 _aManagement
942 _2ddc
_cBV